LEADER 01083cam0-22003971i-450- 001 990003135330403321 005 20111212113848.0 010 $a88-15-06658-6 035 $a000313533 035 $aFED01000313533 035 $a(Aleph)000313533FED01 035 $a000313533 100 $a20030910d1998----km-y0itay50------ba 101 0 $aita 102 $aIT 105 $ay-------001yy 200 1 $aMoneta e finanza$fa cura di Giacomo Vaciago 210 $aBologna$cil Mulino$d1998 215 $a278 p.$d21 cm 225 1 $aCollana della Società italiana degli economisti 610 0 $aMoneta e finanza 700 1$aVaciago,$bGiacomo$f<1942- >$089573 712 02$aSocietà italiana degli economisti 801 0$aIT$bUNINA$gRICA$2UNIMARC 901 $aBK 912 $a990003135330403321 952 $aDPR 23-743$b17720$fDEC 952 $aXV M1 318$b90$fDTE 952 $aJ/0 VAC$b18219$fSES 952 $aSE120.02.05-$b6750D$fDECSE 959 $aDEC 959 $aSES 959 $aDTE 959 $aDECSE 996 $aMoneta e finanza$9456994 997 $aUNINA